000 00293nam a22001337a 4500
008 170220b xxu||||| |||| 00| 0 eng d
020 _a9780323041102
041 _aeng
080 _27ED
_a615
100 _a5
101 _aSHF
245 _aCALCULATION OF DRUG DOSAGE
_cOGDEN
942 _2udc
_cBK
999 _c5761
_d5761